Statistics for Cities Along the West African Coastal Highway

Click here to take the quiz!

General Stats

  • This quiz has been taken 401 times
  • The average score is 10 of 12

Answer Stats

PopulationCityCountry% Correct
13,123,000LagosNigeria
96%
2,452,656DakarSenegal
92%
2,270,000AccraGhana
89%
1,055,964FreetownSierra Leone
85%
1,010,970MonroviaLiberia
83%
492,004BissauGuinea-Bissau
81%
1,570,283LoméTogo
78%
4,707,404AbidjanGhana
77%
1,660,973ConakryGuinea
76%
958,399NouakchottMauritania
72%
413,397BanjulGambia
70%
779,314CotonouBenin
55%

Score Distribution

Percentile by Number Answered

Percent of People with Each Score

Your Score History

You have not taken this quiz